| 000 | 00387nam a2200121Ia 4500 | ||
|---|---|---|---|
| 008 | 220615s9999||||xx |||||||||||||| ||und|| | ||
| 100 | _aMichael Small | ||
| 245 | 4 | _aThe Forgotten Peace : Mediation at Niagara Falls | |
| 546 | _aEnglish[eng] | ||
| 650 | _aCanada||crisis||United States||Mexico||peace conference||dipolmacy | ||
| 856 | _uhttp://books.openedition.org/uop/197 | ||
| 942 | _cEB | ||
| 999 |
_c12242 _d12242 |
||